Culture Générale - Série 110 - Statistiques

Statistiques générales
  • Ce quiz a été pris 780 fois
  • Le résultat moyen est 6 sur 10
Statistiques - réponses
Question Réponse % Correct
Sur quel organe sont situées les papilles gustatives ? Langue
99%
Quel médecin autrichien est le fondateur de la psychanalyse ? Sigmund Freud
92%
Selon le titre de la pièce de Musset, avec quoi ne doit-on pas badiner ? L'amour
75%
Quel rallye automobile a été créé par Thierry Sabine ? Paris-Dakar
67%
En 1991, quel groupe grunge fait un tube avec "Smells Like Teen Spirit" ? Nirvana
66%
Quelle heure est-il pour le docteur Schweitzer, selon Gilbert Cesbron ? Minuit
39%
Dans quel art Louis et François Couperin se sont-ils illustrés ? Musique
38%
Quelle émission a révélé Pierre Palmade et Jean-Marie Bigard ? La Classe
36%
De quel prénom russe, Sacha est-il le diminutif ? Alexandre
33%
Quel mot italien désigne un cardinal susceptible d'être élu pape ? Papabile
7%
Aucun quiz correspondant
Distribution des résultats
% des personnes avec chaque résultat
Percentile par nombre de réponses
Votre historique - résultats
Vous n’avez pas pris ce quiz